Southern crossings : (Record no. 52)

MARC details
000 -LEADER
fixed length control field 01014nam a22003015 4500
003 - CONTROL NUMBER IDENTIFIER
control field data
005 - DATE AND TIME OF LATEST TRANSACTION
control field 20260322212004.0
008 - FIXED-LENGTH DATA ELEMENTS--GENERAL INFORMATION
fixed length control field data
010 ## - LIBRARY OF CONGRESS CONTROL NUMBER
LC control number 2010014595
020 ## - INTERNATIONAL STANDARD BOOK NUMBER
International Standard Book Number 9781930066502
020 ## - INTERNATIONAL STANDARD BOOK NUMBER
International Standard Book Number 1930066503
040 ## - CATALOGING SOURCE
Original cataloging agency DLC
Transcribing agency DLC
Modifying agency CUV
-- CDX
-- VGM
-- ORZ
-- YDXCP
-- CUV
043 ## - GEOGRAPHIC AREA CODE
Geographic area code n-usu--
050 00 - LIBRARY OF CONGRESS CALL NUMBER
Classification number F210
Item number .Z87 2010
082 00 - DEWEY DECIMAL CLASSIFICATION NUMBER
Classification number 975
Edition information 22
092 ## - LOCALLY ASSIGNED DEWEY CALL NUMBER (OCLC)
Classification number 975 Z87 2010
001 - CONTROL NUMBER
control field data
100 1# - MAIN ENTRY--PERSONAL NAME
Personal name Zurick, David.
245 10 - TITLE STATEMENT
Title Southern crossings :
Remainder of title where geography and photography meet /
Statement of responsibility, etc. David Zurick.
250 ## - EDITION STATEMENT
Edition statement 1st ed.
260 ## - PUBLICATION, DISTRIBUTION, ETC.
Place of publication, distribution, etc. [Athens, Ga.] :
Name of publisher, distributor, etc. Distributed by the University of Georgia Press,
Place of publication, distribution, etc. [Athens, Ga.] :
Name of publisher, distributor, etc. Distributed by the University of Georgia Press,
Date of publication, distribution, etc. 2010.
300 ## - PHYSICAL DESCRIPTION
Extent xiv, 143 p. :
Other physical details ill. ;
Dimensions 24 x 25 cm.
440 #0 - SERIES STATEMENT/ADDED ENTRY--TITLE
Title Center books on the American South ;
Volume/sequential designation 15th v.
504 ## - BIBLIOGRAPHY, ETC. NOTE
Bibliography, etc. note Includes bibliographical references.
650 #0 - SUBJECT ADDED ENTRY--TOPICAL TERM
Topical term or geographic name entry element Landscapes
Geographic subdivision Southern States
Form subdivision Pictorial works.
650 #0 - SUBJECT ADDED ENTRY--TOPICAL TERM
Topical term or geographic name entry element Landscape photography
Geographic subdivision Southern States.
651 #0 - SUBJECT ADDED ENTRY--GEOGRAPHIC NAME
Geographic name Southern States
Form subdivision Pictorial works.
Holdings
Withdrawn status Lost status Damaged status Not for loan Home library Current library Shelving location Date acquired Total checkouts Full call number Barcode Date last seen Price effective from Koha item type
        Pleasant Valley Pleasant Valley General stacks 22/03/2026   975 22 BC0010052 22/03/2026 22/03/2026 Books